Поиграем в математику: Забавные игры и хитрые головоломки: пер. с англ.

Bibliographische Detailangaben
1. Verfasser: Дал К. Кристин
Zusammenfassung:Математика повсюду: дома, на улице, в магазине, на пляже, в лесу... Она есть даже внутри тебя. И это вовсе не огромные числа, скучные примеры и непонятные значки. Математика — это весело, интересно и полезно! В неё можно даже играть!Приглашаем тебя поиграть в математику. Присоединяйся, и вместе мы попытаемся отыскать клад, приготовим рассыпчатые печенюшки, узнаем, что такое волшебное яйцо, а также поможем неудачливой улитке Сабине выбраться из колодца.
Sprache:Russisch
Veröffentlicht: Москва, Издательский Дом Мещерякова, 2009
Schriftenreihe:Научные развлечения для самых маленьких
Schlagworte:
Format: Buch
KOHA link:https://koha.lib.tpu.ru/cgi-bin/koha/opac-detail.pl?biblionumber=346368

MARC

LEADER 00000nam0a2200000 4500
001 346368
005 20231102005859.0
010 |a 9785910451395 
035 |a (RuTPU)RU\TPU\book\378248 
090 |a 346368 
100 |a 20210823d2009 c y0rusy50 ca 
101 1 |a rus  |c eng 
102 |a RU 
105 |a a z 000zy 
200 1 |a Поиграем в математику: Забавные игры и хитрые головоломки  |e пер. с англ.  |f К. Дал 
210 |a Москва  |c Издательский Дом Мещерякова  |d 2009 
215 |a 60 с.  |c ил. 
225 1 |a Научные развлечения для самых маленьких 
330 |a Математика повсюду: дома, на улице, в магазине, на пляже, в лесу... Она есть даже внутри тебя. И это вовсе не огромные числа, скучные примеры и непонятные значки. Математика — это весело, интересно и полезно! В неё можно даже играть!Приглашаем тебя поиграть в математику. Присоединяйся, и вместе мы попытаемся отыскать клад, приготовим рассыпчатые печенюшки, узнаем, что такое волшебное яйцо, а также поможем неудачливой улитке Сабине выбраться из колодца. 
606 1 |a Математика занимательная  |2 stltpush  |3 (RuTPU)RU\TPU\subj\41196  |9 61007 
606 1 |a Детская литература, познавательная  |2 stltpush  |3 (RuTPU)RU\TPU\subj\9360  |9 36620 
610 1 |a головоломки 
610 1 |a дошкольники 
610 1 |a игры 
610 1 |a задачи 
610 1 |a математические игры 
610 1 |a логические задачи 
675 |a 087:51  |v 4 
675 |a 51-8  |v 4 
700 1 |a Дал  |b К.  |g Кристин 
801 1 |a RU  |b 63413507  |c 20210823 
801 2 |a RU  |b 63413507  |c 20210927  |g RCR 
942 |c BK